| 000 | 00745nam a22001697a 4500 | ||
|---|---|---|---|
| 999 |
_c60790 _d60790 |
||
| 005 | 20231023113152.0 | ||
| 008 | 231023s1983 ru ||||| |||| 00| 0 rus d | ||
| 041 | _arus | ||
| 080 | _a9(5) Х-45 | ||
| 100 |
_aХилал ас-Саби _920177 |
||
| 245 |
_aУстановления и обычаи двора халифов / _c Хилал ас-Саби. _bПеревод с арабского И.Б. Михайловой. |
||
| 264 |
_a М. , _bНаука, _c1983. |
||
| 300 |
_a142 стр.; _b22 см. |
||
| 653 | _aხალიფების სასამართლოს წესები და წეს-ჩვეულებები | ||
| 700 |
_aМихайлова, И.Б. _eმთარგმნელი _920178 |
||
| 942 |
_2udc _cBK |
||